Central Library OPAC University of Rajshahi

Structural design in steel frame buildings : (Record no. 73407)

MARC details
000 -LEADER
fixed length control field 00817nam a2200229 a 4500
001 - CONTROL NUMBER
control field 73407
003 - CONTROL NUMBER IDENTIFIER
rucl marc code BD-RjUL
005 - DATE AND TIME OF LATEST TRANSACTION
control field 20211209082406.0
008 - FIXED-LENGTH DATA ELEMENTS--GENERAL INFORMATION
fixed length control field 170531s1924 enka 001 0 eng d
035 ## - SYSTEM CONTROL NUMBER
System control number (BD-RjUL)73625
040 ## - CATALOGING SOURCE
Original cataloging agency EUN
Transcribing agency EUN
Modifying agency BD-RjUL
Language of cataloging eng
041 ## - LANGUAGE CODE
Language code of text/sound track or separate title eng
082 ## - DEWEY DECIMAL CLASSIFICATION NUMBER
Edition number 23
Classification number 721
Author mark and year WAS 1924
100 1# - MAIN ENTRY--PERSONAL NAME
Personal name Waldram, Percy J.
9 (RLIN) 217135
245 10 - TITLE STATEMENT
Title Structural design in steel frame buildings :
Remainder of title comprising the detailed design of typical large structural members with calculations fully worked out and explained in detail and complete working drawings /
Statement of responsibility, etc. by Percy J. Waldram.
260 ## - PUBLICATION, DISTRIBUTION, ETC. (IMPRINT)
Place of publication, distribution, etc. London :
Name of publisher, distributor, etc. Batsford,
Date of publication, distribution, etc. 1924
300 ## - PHYSICAL DESCRIPTION
Pagination viii, 73 p. :
Illustrations ill. ;
Size 28 cm.
500 ## - GENERAL NOTE
General note Includes index
650 #0 - SUBJECT ADDED ENTRY--TOPICAL TERM
Topical term or geographic name as entry element Structural engineering.
9 (RLIN) 217136
Topical term or geographic name as entry element Steel, Structural.
9 (RLIN) 217137
942 ## - ADDED ENTRY ELEMENTS (KOHA)
Source of classification or shelving scheme Dewey Decimal Classification
Koha item type Books
Holdings
Lost status Source of classification or shelving scheme Damaged status Not for loan Collection code Permanent Location Current Location Shelving location Date acquired Source of acquisition Total Checkouts Full call number Date last seen Copy number Koha item type
  Dewey Decimal Classification   Not For Loan Non-fiction Central Library, University of Rajshahi Central Library, University of Rajshahi Reading Room 01/04/1974 B. N. B. C   721 WAS 1924 31/05/2017 C-1 Books